Movies Quiz

Random Movies or Actor Quiz
Score 0/64 Timer 12:00
3 Plays Today
Group Actor % Correct
Three KingsGeorge Clooney
93.2%
Ocean's 11 (2001)George Clooney
93.2%
The Good, The Bad and The UglyClint Eastwood
86.7%
Ocean's 11 (2001)Brad Pitt
84.4%
The Three AmigosSteve Martin
80.2%
Ocean's 11 (2001)Matt Damon
74.2%
The Usual SuspectsKevin Spacey
73.8%
Three Men and a BabyTom Selleck
73.6%
The Fellowship of the RingElijah Wood
67.1%
The Three AmigosChevy Chase
66.9%
The Three AmigosMartin Short
66%
Three Men and a BabyTed Danson
65.4%
The Fellowship of the RingSean Astin
63.8%
The GooniesSean Astin
63.8%
Three Men and a BabySteve Guttenberg
58.6%
The Fellowship of the RingOrlando Bloom
57.8%
The Fellowship of the RingSir Ian McKellen
52.5%
Three KingsMark Wahlberg
50.6%
The Fellowship of the RingViggo Mortensen
49.9%
The Usual SuspectsBenicio Del Toro
47.4%
The Usual SuspectsStephen Baldwin
45.2%
Ocean's 11 (2001)Casey Affleck
44.5%
The Fellowship of the RingSean Bean
44.5%
Ocean's 11 (2001)Don Cheadle
43.6%
Three KingsIce Cube
41.6%
Ocean's 11 (2001)Bernie Mac
40%
The Magnificent SevenSteve McQueen
39.6%
The Magnificent SevenYul Brynner
39.2%
The Usual SuspectsGabriel Byrne
37.8%
The GooniesCorey Feldman
35.6%
The Magnificent SevenCharles Bronson
35.5%
The Dirty DozenCharles Bronson
35.5%
Group Actor % Correct
Ocean's 11 (2001)Elliot Gould
34.4%
The GooniesJosh Brolin
32.2%
Ocean's 11 (2001)Scott Caan
30.1%
The Fellowship of the RingJohn Rhys-Davies
28%
The Good, The Bad and The UglyEli Wallach
26.5%
The Good, The Bad and The UglyLee Van Cleef
26.1%
The Fellowship of the RingDominic Monaghan
23.1%
Ocean's 11 (2001)Carl Reiner
20.9%
The Dirty DozenJim Brown
19.9%
The Usual SuspectsKevin Pollak
19.7%
The Fellowship of the RingBilly Boyd
19.4%
The Dirty DozenTelly Savalas
19.1%
The Magnificent SevenJames Coburn
16.3%
The GooniesMartha Plimpton
15.6%
The Dirty DozenDonald Sutherland
15.2%
The Magnificent SevenRobert Vaughn
14.2%
Three KingsSpike Jonze
11.4%
The GooniesKerri Green
10.5%
The Dirty DozenJohn Cassavetes
7.8%
The Dirty DozenTrini Lopez
7.4%
The Dirty DozenClint Walker
7%
The GooniesJeff Cohen
6.3%
The GooniesJonathan Ke Quan
6.2%
The Magnificent SevenBrad Dexter
5.8%
The Dirty DozenStuart Cooper
5.5%
The Magnificent SevenHorst Buchholz
5.3%
Ocean's 11 (2001)Eddie Jemison
5.1%
Ocean's 11 (2001)Shaobo Qin
4.5%
The Dirty DozenTom Busby
2.6%
The Dirty DozenAl Mancini
2.4%
The Dirty DozenColin Maitland
2.3%
The Dirty DozenBen Carruthers
2.3%

You're not logged in!

Compare scores with friends on all Sporcle quizzes.
OR
Log In

From the Vault

In & Out Labyrinth

by betraisefold

It's way easier to get in than it is to make it out.
Remove Ads.
Support Sporcle.
Get the best of Sporcle when you Go Orange. This ad-free experience offers more features, more stats, and more fun while also helping to support Sporcle. Thank you for becoming a member.

Show Comments

Extras

Top Quizzes Today


Score Distribution

Your Account Isn't Verified!

In order to create a playlist on Sporcle, you need to verify the email address you used during registration. Go to your Sporcle Settings to finish the process.

Report this User

Report this user for behavior that violates our Community Guidelines.

Details: